000 00322nam a2200133 i 4500
001 bg
100 1 _aPACEK, Stefan
245 0 _aSamowychowanie studentów :
_bwarunki i efekty /
_cStefan Pacek.
260 _aWarszawa,
_c1977.
040 _cBPK
041 _apol
942 _cKS
008 s pl f |000 0 pol
999 _c9511
_d9511
856 _uhttp://koha.tu.koszalin.pl/cgi-bin/koha/opac-detail.pl?biblionumber=9511
_yKatalog online BPK